书目信息 |
| 题名: |
中国音乐百年作品典藏
|
|
| 作者: | 赵季平 , 杜晓十 主编 ;人民音乐出版社 编 | |
| 分册: | 第7卷 歌剧与音乐剧选曲 | |
| 出版信息: | 北京 人民音乐出版社 2014.09 |
|
| 页数: | 299页 | |
| 开本: | 33cm | |
| 丛书名: | ||
| 单 册: | ||
| 中图分类: | J641 , J642.42 | |
| 科图分类: | ||
| 主题词: | 音乐作品--作品集--中国--现代 , 歌剧--歌曲--作品集--中国--现代 , 音乐剧--歌曲--作品集--中国--现代 | |
| 电子资源: | ||
| ISBN: | 978-7-103-04661-6 | |
| 000 | 01448ncm0 2200337 450 | |
| 001 | 0120151497096 | |
| 005 | 20170914155137.70 | |
| 010 | @a978-7-103-04661-6@b精装@dCNY248.00 | |
| 100 | @a20141216d2014 em y0chiy50 ea | |
| 101 | 0 | @achi |
| 102 | @aCN@b110000 | |
| 105 | @ag z 000yy | |
| 106 | @ar | |
| 200 | 1 | @a中国音乐百年作品典藏@9zhong guo yin yue bai nian zuo pin dian cang@h第7卷@i歌剧与音乐剧选曲@f人民音乐出版社编辑部编 |
| 210 | @a北京@c人民音乐出版社@d2014.09 | |
| 215 | @a299页@d33cm@e | |
| 300 | @a国家出版基金项目 | |
| 307 | @a附光盘:ISBN 978-7-88724-838-1 | |
| 314 | @a主编:赵季平,杜晓十 | |
| 330 | @a本书收录了20世纪初至21世纪初华人作曲家创作的音乐作品一千余部。这些作品基本上以体裁分类立卷,包括:独唱与齐唱、合唱、歌剧与音乐剧选曲、中国民族乐器独奏曲、钢琴曲、管弦乐独奏曲、室内乐、中国民族乐器协奏曲、管弦乐器协奏曲、中国民族管弦乐曲、管弦乐曲、舞剧音乐选曲等十二个门类共计四十卷,每卷约三百余面乐谱,总计约一万三千面。本书为第7卷 歌剧与音乐剧选曲。 | |
| 333 | @a音乐研究人员 | |
| 606 | 0 | @a音乐作品@x作品集@y中国@z现代 |
| 606 | 0 | @a歌剧@x歌曲@x作品集@y中国@z现代 |
| 606 | 0 | @a音乐剧@x歌曲@x作品集@y中国@z现代 |
| 690 | @aJ641@v5 | |
| 690 | @aJ642.42@v5 | |
| 701 | 0 | @a赵季平@9zhao ji ping@f(1945-)@4主编 |
| 701 | 0 | @a杜晓十@9du xiao shi@f(1953-)@4主编 |
| 712 | 02 | @a人民音乐出版社@9ren min yin yue chu ban she@b编辑部@4编 |
| 801 | 0 | @aCN@bNLC@c20150202 |
| 905 | @b992299-301@dJ641@e264:7@f3 | |
| 中国音乐百年作品典藏.第7卷.歌剧与音乐剧选曲/人民音乐出版社编辑部编.-北京:人民音乐出版社,2014.09 |
| 299页;33cm |
| 国家出版基金项目.-使用对象:音乐研究人员 |
| ISBN 978-7-103-04661-6(精装):CNY248.00 |
| 本书收录了20世纪初至21世纪初华人作曲家创作的音乐作品一千余部。这些作品基本上以体裁分类立卷,包括:独唱与齐唱、合唱、歌剧与音乐剧选曲、中国民族乐器独奏曲、钢琴曲、管弦乐独奏曲、室内乐、中国民族乐器协奏曲、管弦乐器协奏曲、中国民族管弦乐曲、管弦乐曲、舞剧音乐选曲等十二个门类共计四十卷,每卷约三百余面乐谱,总计约一万三千面。本书为第7卷 歌剧与音乐剧选曲。 |
| ● |
| 相关链接 |
|
|
|
|
正题名:中国音乐百年作品典藏
索取号:J641/264:7
 
预约/预借
| 序号 | 登录号 | 条形码 | 馆藏地/架位号 | 状态 | 备注 |
| 1 | 992299 | 209922994 | 第一样本阅览室/ [索取号:J641/264:7] | 在馆 | |
| 2 | 992300 | 209923001 | 音乐系资料室/ [索取号:J641/264:7] | 在馆 | |
| 3 | 992301 | 209923010 | 第一借阅区/ [索取号:J641/264:7] | 在馆 |